Zvyšování efektivnosti výchovně-vzdělávacího procesu ve vyučování

Saved in:
Bibliographic Details
Format: Book
Language:Czech
Published: Praha : Academia, 1988
Tags: Add Tag
No Tags, Be the first to tag this record!

MARC

LEADER 00000nam a22000003a 4500
001 stu28694
005 20150408181129.6
008 950420s1988----xr------------------cze-d
040 |a STU  |b slo 
041 0 |a cze 
044 |a xr 
080 |a 37.014.544 
245 |a Zvyšování efektivnosti výchovně-vzdělávacího procesu ve vyučování 
260 |a Praha :  |b Academia,  |c 1988 
300 |a 162 s 
996 |b 284V026032  |c V*37794/O-15814  |l VVS  |s A  |a 24  |w stu28694_0001